LEADER 01024nam a22002531i 4500 001 991002139269707536 005 20030822203221.0 008 030925s1984 it a||||||||||||||||ita 035 $ab12247479-39ule_inst 035 $aARCHE-029509$9ExL 040 $aBiblioteca Interfacoltà$bita$cA.t.i. Arché s.c.r.l. Pandora Sicilia s.r.l. 100 1 $aMassafra, Piero$0452479 245 12$aL'antico seminario arcivescovile di Taranto /$cPiero Massafra... [et al.] 260 $aTaranto :$bScorpione,$c1984 300 $a85 p. :$bill. ;$c17 x 24 cm 440 0$aUrbs restituenda : materiali di documentazione e studio sul restauro dei centri storici 500 $aEd. f.c. 650 4$aTaranto 907 $a.b12247479$b02-04-14$c08-10-03 912 $a991002139269707536 945 $aLE002 Busta 78/6$g1$i2002000901934$lle002$o-$pE0.00$q-$rl$s- $t0$u0$v0$w0$x0$y.i12633847$z08-10-03 996 $aAntico seminario arcivescovile di Taranto$9154474 997 $aUNISALENTO 998 $ale002$b08-10-03$cm$da $e-$fita$git $h2$i1 LEADER 01361nam 2200445 450 001 9910796432903321 005 20191119095125.0 010 $a2-8047-0222-7 035 $a(CKB)3810000000102455 035 $a(MiAaPQ)EBC5693206 035 $a(Au-PeEL)EBL5693206 035 $a(CaPaEBR)ebr11655025 035 $a(OCoLC)1086125368 035 $a(PPN)24500033X 035 $a(EXLCZ)993810000000102455 100 $a20191119d2014 uy 0 101 0 $afre 135 $aurcnu|||||||| 181 $ctxt$2rdacontent 182 $cc$2rdamedia 183 $acr$2rdacarrier 200 10$aEntre confort, de?sir et normes $ele logement contemporain, 1995-2012 /$fMonique Eleb, Philippe Simon 210 1$aBruxelles :$cMardaga,$d[2014] 210 4$d©2014 215 $a1 online resource (304 pages) $cillustrations 225 0 $aCollection Architecture 311 $a2-8047-0155-7 320 $aIncludes bibliographical references (pages 296-299) and indexes. 606 $aArchitecture, Domestic$zFrance 615 0$aArchitecture, Domestic 676 $a728.0944 700 $aEleb$b Monique$f1945-$010746 702 $aSimon$b Philippe$f1961- 801 0$bMiAaPQ 801 1$bMiAaPQ 801 2$bMiAaPQ 906 $aBOOK 912 $a9910796432903321 996 $aEntre confort, de?sir et normes$93818268 997 $aUNINA